000 00639nam a2200217 i 4500
001 36674
003 ES-MaACL
005 20250828025122.0
007 t|
008 030219s1976 sp ||||1| spa d
100 1 _aBravo, Isidre.
_931456
245 1 3 _aLa praxis de la educación especial /
_cIsidre Bravo, Antoni Juliáa, Dolors Renau.
250 _a[1ª ed.].
260 _aBarcelona :
_bAvance,
_c[1976]
300 _a132 p. ;
_c20 cm.
650 0 7 _aEducación especial
_2embne
_912103
700 1 _aRenau, Dolors.
_996180
700 1 _aJulià, Antoni.
_9150558
852 _aES-MaACL
_jA-5751
_bR.94568
999 _c36674
_d36674